LEADER 00843cam0-22003371i-450- 001 990000007430403321 005 20110729132541.0 035 $a000000743 035 $aFED01000000743 035 $a(Aleph)000000743FED01 035 $a000000743 100 $a20020821d1973----km-y0itay50------ba 101 0 $aita 105 $ay-------001yy 200 1 $aDiritto urbanistico$fItalo Di Lorenzo 210 $aTorino$cUTET$d1973 215 $aVII, 798 p.$d24 cm 610 0 $aDiritto urbanistico 676 $a346 676 $a343$v11$zita 700 1$aDi Lorenzo,$bItalo 801 0$aIT$bUNINA$gRICA$2UNIMARC 901 $aBK 912 $a990000007430403321 952 $aI 230$b286$fDDCIC 952 $a13 F 44 19$b31180$fFINBC 952 $aN 194$b1385$fDSS 959 $aFINBC 959 $aDSS 959 $aDDCIC 997 $aUNINA